00485nam a2200169 a 450000100060000000300090000600800410001502000180005604000280007410000280010224500500013026000240018030000190020449000250022365000230024865000440027123456CO-ViMGA141112s2004 ck r 000 u spa d a9789875453647 aCO-ViMGAbspacCO-ViMGA1 aRamos, María Cristina10aAzul la cordillera / cMaría Cristina Ramos aArgentina : bNorma a88 p. / 20 cm. aTorre de papel, azul14aCuentos Argentinos14aLiteratura Infantil y Juvenil Argentina